[Event "7th Cesme Open-A 2019"]
[Site "Cesme"]
[Date "2019.06.25"]
[Round "3"]
[White "Lavrov, Maxim"]
[Black "Unat, Can Haktan"]
[Result "1-0"]
[WhiteElo "2401"]
[BlackElo "2079"]
[Annotator "NA"]
[PlyCount "109"]
[EventDate "2019.06.24"]
[EventType "swiss"]
[EventCountry "TUR"]
[SourceTitle "playchess.com"]
[Source "ChessBase"]
[SourceQuality "1"]
[TimeControl "5400+30"]

1. e4 {[%emt 0:00:30]} c5 {[%emt 0:08:30]} 2. c3 {[%emt 0:00:30]} a6 {[%emt 0:00:00]} 3. d4 {[%emt 0:00:00]} cxd4 {[%emt 0:00:00]} 4. cxd4 {[%emt 0:00:00]} d5 {[%emt 0:00:00]} 5. exd5 {[%emt 0:00:30]} Nf6 {[%emt 0:00:00]} 6. Nc3 {[%emt 0:00:30]} Nxd5 {[%emt 0:00:30]} 7. Nf3 {[%emt 0:02:30]} Nc6 {[%emt 0:01:30]} 8. Bc4 {[%emt 0:01:30]} e6 {[%emt 0:02:30]} 9. O-O {[%emt 0:00:30]} Be7 {[%emt 0:01:30]} 10. Re1 {[%emt 0:09:30]} O-O {[%emt 0:00:30]} 11. Bd3 {[%emt 0:00:30]} b5 {[%emt 0:10:30]} 12. Nxd5 {[%emt 0:01:30]} exd5 {[%emt 0:10:30]} 13. Bxh7+ {[%emt 0:06:30]} Kxh7 {[%emt 0:00:30]} 14. Qc2+ {[%emt 0:00:30]} Kg8 {[%emt 0:02:30]} 15. Qxc6 {[%emt 0:00:00]} Ra7 {[%emt 0:05:30]} 16. Bf4 {[%emt 0:03:00]} Bf5 {[%emt 0:00:30]} 17. Rac1 {[%emt 0:02:30]} Be4 {[%emt 0:03:30]} 18. Qc3 {[%emt 0:05:30]} b4 {[%emt 0:04:30]} 19. Qe3 {[%emt 0:00:30]} f6 {[%emt 0:00:30]} 20. Nd2 {[%emt 0:01:30]} g5 {[%emt 0:09:30]} 21. Bg3 {[%emt 0:00:30]} f5 {[%emt 0:04:30]} 22. Be5 {[%emt 0:00:30]} Rf7 {[%emt 0:00:00]} 23. Nxe4 {[%emt 0:01:30]} dxe4 {[%emt 0:00:00]} 24. Qh3 {[%emt 0:01:30]} Bf6 {[%emt 0:05:30]} 25. Qxf5 {[%emt 0:00:30]} Bxe5 {[%emt 0:02:30]} 26. Qxe5 {[%emt 0:00:30]} Rad7 {[%emt 0:02:30]} 27. Qxe4 {[%emt 0:01:30]} Qf6 {[%emt 0:01:30]} 28. Qe3 {[%emt 0:01:30]} Rxd4 {[%emt 0:00:00]} 29. Rc6 {[%emt 0:00:00]} Qf4 {[%emt 0:02:00]} 30. Rg6+ {[%emt 0:17:00]} Kh7 {[%emt 0:02:30]} 31. Re6 {[%emt 0:02:30]} Qxe3 {[%emt 0:01:30]} 32. R6xe3 {[%emt 0:00:30]} Rf5 {[%emt 0:02:35]} 33. Re4 {[%emt 0:03:30]} Rd2 {[%emt 0:01:08]} 34. R4e2 {[%emt 0:00:30]} Rd3 {[%emt 0:00:28]} 35. h3 {[%emt 0:01:30]} b3 {[%emt 0:01:50]} 36. axb3 {[%emt 0:00:00]} Rxb3 {[%emt 0:00:29]} 37. Re7+ {[%emt 0:00:00]} Kg8 {[%emt 0:00:17]} 38. R7e5 {[%emt 0:00:30]} Rf4 {[%emt 0:01:12]} 39. Rxg5+ {[%emt 0:00:30]} Kf7 {[%emt 0:00:00]} 40. Re2 {[%emt 0:00:30]} Ra4 {[%emt 0:00:00]} 41. Rg3 {[%emt 0:01:30]} Rb6 {[%emt 0:00:03]} 42. Rf3+ {[%emt 0:00:30]} Kg7 {[%emt 0:00:14]} 43. g4 {[%emt 0:00:30]} Ra1+ {[%emt 0:00:38]} 44. Kg2 {[%emt 0:01:30]} Rd6 {[%emt 0:00:05]} 45. Re7+ {[%emt 0:00:30]} Kg6 {[%emt 0:00:51]} 46. Ra3 {[%emt 0:00:30]} Rc1 {[%emt 0:00:19]} 47. Ra7 {[%emt 0:01:30]} Rcc6 {[%emt 0:00:45]} 48. Kg3 {[%emt 0:00:00]} Rb6 {[%emt 0:00:22]} 49. h4 {[%emt 0:00:00]} Kf6 {[%emt 0:01:22]} 50. h5 {[%emt 0:00:30]} Rdc6 {[%emt 0:00:48]} 51. f3 {[%emt 0:00:30]} Rd6 {[%emt 0:00:30]} 52. Ra5 {[%emt 0:00:30]} Rdc6 {[%emt 0:01:54]} 53. h6 {[%emt 0:00:30]} Kg6 {[%emt 0:00:37]} 54. h7 {[%emt 0:00:30]} Rf6 {[%emt 0:00:50]} 55. h8=N+ {[%emt 0:00:00]} 1-0

[Event "7th Cesme Open-A 2019"]
[Site "Cesme"]
[Date "2019.06.25"]
[Round "3"]
[White "Erdogdu, Mert"]
[Black "Lomsadze, Davit"]
[Result "1/2-1/2"]
[WhiteElo "2391"]
[BlackElo "2292"]
[Annotator "NA"]
[PlyCount "57"]
[EventDate "2019.06.24"]
[EventType "swiss"]
[EventCountry "TUR"]
[SourceTitle "playchess.com"]
[Source "ChessBase"]
[SourceQuality "1"]
[TimeControl "5400+30"]

1. e4 {[%emt 0:00:30]} e5 {[%emt 0:00:30]} 2. Nf3 {[%emt 0:00:30]} Nc6 {[%emt 0:00:30]} 3. Bc4 {[%emt 0:00:00]} Nf6 {[%emt 0:00:00]} 4. d3 {[%emt 0:00:00]} h6 {[%emt 0:00:00]} 5. O-O {[%emt 0:00:00]} d6 {[%emt 0:00:00]} 6. c3 {[%emt 0:00:00]} g6 {[%emt 0:01:00]} 7. d4 {[%emt 0:01:30]} Qe7 {[%emt 0:04:30]} 8. Nbd2 {[%emt 0:03:30]} Bg7 {[%emt 0:01:30]} 9. Re1 {[%emt 0:01:30]} O-O {[%emt 0:00:30]} 10. h3 {[%emt 0:00:00]} Nd7 {[%emt 0:06:30]} 11. Nf1 {[%emt 0:01:00]} Nb6 {[%emt 0:02:30]} 12. Bb3 {[%emt 0:02:30]} Qf6 {[%emt 0:03:30]} 13. Be3 {[%emt 0:05:30]} Kh7 {[%emt 0:11:30]} 14. a4 {[%emt 0:01:30]} Na5 {[%emt 0:04:30]} 15. Bc2 {[%emt 0:00:30]} Nd7 {[%emt 0:00:00]} 16. Qe2 {[%emt 0:09:30]} c5 {[%emt 0:02:00]} 17. d5 {[%emt 0:02:30]} b6 {[%emt 0:02:30]} 18. b3 {[%emt 0:09:30]} Nb7 {[%emt 0:04:30]} 19. Ng3 {[%emt 0:02:30]} Qe7 {[%emt 0:01:30]} 20. h4 {[%emt 0:26:30]} Nf6 {[%emt 0:02:30]} 21. Nh2 {[%emt 0:01:30]} h5 {[%emt 0:01:30]} 22. Nf3 {[%emt 0:03:30]} Ng4 {[%emt 0:01:30]} 23. Bd2 {[%emt 0:00:30]} f6 {[%emt 0:00:30]} 24. Bd3 {[%emt 0:02:30]} Rb8 {[%emt 0:03:30]} 25. Ra2 {[%emt 0:01:30]} Bd7 {[%emt 0:00:30]} 26. Bb5 {[%emt 0:00:30]} Qe8 {[%emt 0:04:30]} 27. Rb1 {[%emt 0:01:30]} a5 {[%emt 0:00:30]} 28. Bxd7 {[%emt 0:05:29]} Qxd7 {[%emt 0:00:30]} 29. Qb5 {[%emt 0:03:58]} 1/2-1/2

[Event "7th Cesme Open-A 2019"]
[Site "Cesme"]
[Date "2019.06.25"]
[Round "3"]
[White "Bashirli, Nail"]
[Black "Fadeev, Semen"]
[Result "1-0"]
[WhiteElo "2367"]
[BlackElo "2168"]
[Annotator "NA"]
[PlyCount "89"]
[EventDate "2019.06.24"]
[EventType "swiss"]
[EventCountry "TUR"]
[SourceTitle "playchess.com"]
[Source "ChessBase"]
[SourceQuality "1"]
[TimeControl "5400+30"]

1. e4 {[%emt 0:00:30]} e6 {[%emt 0:00:30]} 2. d4 {[%emt 0:01:30]} d5 {[%emt 0:00:30]} 3. Nd2 {[%emt 0:00:00]} dxe4 {[%emt 0:00:00]} 4. Nxe4 {[%emt 0:00:00]} Nd7 {[%emt 0:00:00]} 5. Nf3 {[%emt 0:07:30]} Ngf6 {[%emt 0:00:30]} 6. Bd3 {[%emt 0:00:30]} c5 {[%emt 0:04:30]} 7. Nxf6+ {[%emt 0:03:30]} Nxf6 {[%emt 0:01:30]} 8. O-O {[%emt 0:00:00]} cxd4 {[%emt 0:01:30]} 9. Nxd4 {[%emt 0:02:00]} Bc5 {[%emt 0:09:30]} 10. Nf3 {[%emt 0:00:30]} h6 {[%emt 0:01:30]} 11. Ne5 {[%emt 0:01:30]} O-O {[%emt 0:01:30]} 12. Qf3 {[%emt 0:00:30]} Qd5 {[%emt 0:00:30]} 13. Qxd5 {[%emt 0:00:30]} Nxd5 {[%emt 0:07:30]} 14. a3 {[%emt 0:05:30]} Rd8 {[%emt 0:10:30]} 15. Rd1 {[%emt 0:01:30]} f6 {[%emt 0:02:30]} 16. Nf3 {[%emt 0:00:30]} Bd7 {[%emt 0:01:30]} 17. c4 {[%emt 0:00:30]} Nc7 {[%emt 0:00:30]} 18. b4 {[%emt 0:00:30]} Bf8 {[%emt 0:01:30]} 19. Be4 {[%emt 0:00:30]} Bc6 {[%emt 0:01:30]} 20. Bc2 {[%emt 0:02:30]} Be4 {[%emt 0:08:30]} 21. Bb3 {[%emt 0:02:30]} Bxf3 {[%emt 0:03:30]} 22. gxf3 {[%emt 0:00:30]} Rxd1+ {[%emt 0:01:30]} 23. Bxd1 {[%emt 0:00:00]} a5 {[%emt 0:00:30]} 24. b5 {[%emt 0:00:00]} e5 {[%emt 0:00:30]} 25. f4 {[%emt 0:01:30]} e4 {[%emt 0:12:30]} 26. f5 {[%emt 0:00:30]} Ne8 {[%emt 0:02:30]} 27. Bc2 {[%emt 0:02:30]} Nd6 {[%emt 0:00:30]} 28. Bf4 {[%emt 0:01:30]} Re8 {[%emt 0:04:30]} 29. Re1 {[%emt 0:02:30]} Kh8 {[%emt 0:01:30]} 30. c5 {[%emt 0:01:30]} Nxf5 {[%emt 0:01:30]} 31. Rxe4 {[%emt 0:02:30]} Rc8 {[%emt 0:00:30]} 32. c6 {[%emt 0:00:30]} bxc6 {[%emt 0:05:52]} 33. Rc4 {[%emt 0:00:30]} Nd6 {[%emt 0:01:16]} 34. Rxc6 {[%emt 0:00:30]} Rxc6 {[%emt 0:02:24]} 35. bxc6 {[%emt 0:00:30]} Nc8 {[%emt 0:00:11]} 36. Bf5 {[%emt 0:00:30]} Nb6 {[%emt 0:07:04]} 37. c7 {[%emt 0:00:30]} Bc5 {[%emt 0:01:02]} 38. Be3 {[%emt 0:01:30]} Bxe3 {[%emt 0:00:20]} 39. fxe3 {[%emt 0:00:00]} Kg8 {[%emt 0:00:44]} 40. c8=B {[%emt 0:00:00]} Nxc8 {[%emt 0:00:30]} 41. Bxc8 {[%emt 0:00:30]} Kf7 {[%emt 0:00:30]} 42. Kf2 {[%emt 0:00:30]} g6 {[%emt 0:00:30]} 43. a4 {[%emt 0:00:00]} Ke7 {[%emt 0:02:46]} 44. Kf3 {[%emt 0:00:00]} Kd6 {[%emt 0:00:28]} 45. Ke4 {[%emt 0:00:00]} 1-0

[Event "7th Cesme Open-A 2019"]
[Site "Cesme"]
[Date "2019.06.25"]
[Round "3"]
[White "Koksal, Ege"]
[Black "Yerden, Huseyin Eren"]
[Result "1-0"]
[WhiteElo "2363"]
[BlackElo "1992"]
[Annotator "NA"]
[PlyCount "96"]
[EventDate "2019.06.24"]
[EventType "swiss"]
[EventCountry "TUR"]
[SourceTitle "playchess.com"]
[Source "ChessBase"]
[SourceQuality "1"]
[TimeControl "5400+30"]

1. c4 {[%emt 0:02:30]} b6 {[%emt 0:02:30]} 2. Nc3 {[%emt 0:00:30]} c5 {[%emt 0:00:30]} 3. Nf3 {[%emt 0:00:30]} Bb7 {[%emt 0:02:30]} 4. e4 {[%emt 0:00:30]} d6 {[%emt 0:00:00]} 5. d4 {[%emt 0:01:30]} cxd4 {[%emt 0:00:00]} 6. Nxd4 {[%emt 0:00:30]} Nf6 {[%emt 0:01:30]} 7. f3 {[%emt 0:00:30]} g6 {[%emt 0:10:30]} 8. Be2 {[%emt 0:00:30]} Bg7 {[%emt 0:00:30]} 9. O-O {[%emt 0:00:30]} O-O {[%emt 0:00:00]} 10. Be3 {[%emt 0:00:30]} Nc6 {[%emt 0:01:00]} 11. Nc2 {[%emt 0:00:30]} Rc8 {[%emt 0:01:30]} 12. Qd2 {[%emt 0:01:30]} Qc7 {[%emt 0:05:30]} 13. Rac1 {[%emt 0:01:30]} Qb8 {[%emt 0:02:30]} 14. Rfd1 {[%emt 0:03:30]} Rfd8 {[%emt 0:01:30]} 15. b3 {[%emt 0:01:30]} Qa8 {[%emt 0:00:30]} 16. Nd5 {[%emt 0:04:30]} Rd7 {[%emt 0:04:30]} 17. Bh6 {[%emt 0:11:30]} Bh8 {[%emt 0:03:30]} 18. Kh1 {[%emt 0:02:30]} e6 {[%emt 0:04:30]} 19. Nxf6+ {[%emt 0:00:30]} Bxf6 {[%emt 0:00:00]} 20. Ne3 {[%emt 0:04:30]} Bh8 {[%emt 0:03:00]} 21. Ng4 {[%emt 0:05:30]} Ne5 {[%emt 0:04:30]} 22. Nxe5 {[%emt 0:00:30]} Bxe5 {[%emt 0:00:30]} 23. Bf4 {[%emt 0:08:30]} Rcd8 {[%emt 0:02:30]} 24. Bxe5 {[%emt 0:13:30]} dxe5 {[%emt 0:00:30]} 25. Qg5 {[%emt 0:02:30]} Qb8 {[%emt 0:00:30]} 26. Rxd7 {[%emt 0:00:30]} Rxd7 {[%emt 0:00:30]} 27. h4 {[%emt 0:00:00]} Kg7 {[%emt 0:01:30]} 28. c5 {[%emt 0:02:00]} h6 {[%emt 0:01:30]} 29. Qe3 {[%emt 0:01:30]} bxc5 {[%emt 0:03:30]} 30. Rxc5 {[%emt 0:00:30]} Qd8 {[%emt 0:02:30]} 31. g3 {[%emt 0:00:30]} Qb6 {[%emt 0:01:30]} 32. Qc3 {[%emt 0:00:30]} f6 {[%emt 0:00:30]} 33. Kg2 {[%emt 0:02:30]} h5 {[%emt 0:02:30]} 34. b4 {[%emt 0:01:30]} Qd6 {[%emt 0:01:30]} 35. Kf2 {[%emt 0:00:30]} Qb6 {[%emt 0:02:30]} 36. Kg2 {[%emt 0:07:54]} Qd6 {[%emt 0:01:30]} 37. a4 {[%emt 0:00:59]} Kg8 {[%emt 0:04:30]} 38. Kf2 {[%emt 0:01:09]} Kf7 {[%emt 0:04:30]} 39. a5 {[%emt 0:01:25]} a6 {[%emt 0:00:30]} 40. b5 {[%emt 0:04:40]} axb5 {[%emt 0:02:30]} 41. Bxb5 {[%emt 0:00:39]} Re7 {[%emt 0:00:30]} 42. Be2 {[%emt 0:00:00]} Ba8 {[%emt 0:04:30]} 43. a6 {[%emt 0:00:21]} f5 {[%emt 0:06:31]} 44. Rc8 {[%emt 0:06:26]} Ra7 {[%emt 0:01:04]} 45. Qe3 {[%emt 0:01:42]} Qd7 {[%emt 0:02:20]} 46. Rh8 {[%emt 0:00:51]} f4 {[%emt 0:01:10]} 47. Rh7+ {[%emt 0:02:54]} Kg8 {[%emt 0:00:49]} 48. Qxa7 {[%emt 0:00:01]} Qb5 {[%emt 0:00:22]} 1-0

[Event "7th Cesme Open-A 2019"]
[Site "Cesme"]
[Date "2019.06.25"]
[Round "3"]
[White "Kamer, Kayra"]
[Black "Abdullayev, Azer"]
[Result "1/2-1/2"]
[WhiteElo "2353"]
[BlackElo "2064"]
[Annotator "NA"]
[PlyCount "118"]
[EventDate "2019.06.24"]
[EventType "swiss"]
[EventCountry "TUR"]
[SourceTitle "playchess.com"]
[Source "ChessBase"]
[SourceQuality "1"]
[TimeControl "5400+30"]

1. e4 {[%emt 0:04:30]} c5 {[%emt 0:00:30]} 2. Nf3 {[%emt 0:00:30]} d6 {[%emt 0:00:30]} 3. d4 {[%emt 0:00:30]} cxd4 {[%emt 0:00:30]} 4. Nxd4 {[%emt 0:00:30]} Nf6 {[%emt 0:00:30]} 5. Nc3 {[%emt 0:00:30]} a6 {[%emt 0:00:00]} 6. Be2 {[%emt 0:00:00]} e6 {[%emt 0:02:00]} 7. Be3 {[%emt 0:00:00]} Nbd7 {[%emt 0:00:30]} 8. O-O {[%emt 0:02:30]} b5 {[%emt 0:02:30]} 9. a4 {[%emt 0:03:30]} bxa4 {[%emt 0:04:30]} 10. Rxa4 {[%emt 0:01:30]} Nc5 {[%emt 0:03:30]} 11. Rc4 {[%emt 0:00:30]} Bb7 {[%emt 0:20:30]} 12. Bf3 {[%emt 0:03:30]} Nfd7 {[%emt 0:02:30]} 13. Rb4 {[%emt 0:09:30]} a5 {[%emt 0:06:30]} 14. Rb5 {[%emt 0:05:30]} Ba6 {[%emt 0:01:30]} 15. e5 {[%emt 0:02:30]} Bxb5 {[%emt 0:11:30]} 16. Ndxb5 {[%emt 0:01:30]} d5 {[%emt 0:01:30]} 17. Nxd5 {[%emt 0:00:30]} exd5 {[%emt 0:00:30]} 18. Bxd5 {[%emt 0:00:00]} Ra6 {[%emt 0:08:30]} 19. Qf3 {[%emt 0:01:00]} Re6 {[%emt 0:07:30]} 20. Bxe6 {[%emt 0:01:30]} Nxe6 {[%emt 0:01:30]} 21. Qc6 {[%emt 0:00:00]} Bc5 {[%emt 0:05:42]} 22. Bxc5 {[%emt 0:01:00]} Nexc5 {[%emt 0:00:02]} 23. Nd6+ {[%emt 0:00:00]} Kf8 {[%emt 0:00:55]} 24. Nf5 {[%emt 0:01:00]} g6 {[%emt 0:03:38]} 25. Nd6 {[%emt 0:12:30]} Kg7 {[%emt 0:02:15]} 26. Rd1 {[%emt 0:01:30]} Qe7 {[%emt 0:07:36]} 27. f4 {[%emt 0:00:30]} Rb8 {[%emt 0:03:47]} 28. b3 {[%emt 0:00:30]} Qe6 {[%emt 0:00:35]} 29. Qf3 {[%emt 0:00:30]} f6 {[%emt 0:02:07]} 30. exf6+ {[%emt 0:01:30]} Nxf6 {[%emt 0:00:43]} 31. Qc3 {[%emt 0:03:30]} Ncd7 {[%emt 0:00:33]} 32. h3 {[%emt 0:02:30]} Kg8 {[%emt 0:00:35]} 33. f5 {[%emt 0:00:30]} gxf5 {[%emt 0:00:45]} 34. Qg3+ {[%emt 0:00:30]} Kh8 {[%emt 0:00:06]} 35. Re1 {[%emt 0:00:30]} f4 {[%emt 0:00:37]} 36. Rxe6 {[%emt 0:00:30]} fxg3 {[%emt 0:00:30]} 37. Nf5 {[%emt 0:00:30]} Re8 {[%emt 0:00:20]} 38. Rxe8+ {[%emt 0:00:30]} Nxe8 {[%emt 0:00:30]} 39. Nxg3 {[%emt 0:00:00]} Kg7 {[%emt 0:00:51]} 40. Kf2 {[%emt 0:00:00]} Kf6 {[%emt 0:00:00]} 41. Ke3 {[%emt 0:00:00]} Ke5 {[%emt 0:00:00]} 42. Ne4 {[%emt 0:01:00]} Nef6 {[%emt 0:00:18]} 43. Nd2 {[%emt 0:00:30]} Nd5+ {[%emt 0:00:41]} 44. Kd3 {[%emt 0:00:00]} Nf4+ {[%emt 0:00:16]} 45. Kc4 {[%emt 0:00:00]} Nxg2 {[%emt 0:00:30]} 46. Kb5 {[%emt 0:00:30]} Nf4 {[%emt 0:01:01]} 47. h4 {[%emt 0:00:30]} h5 {[%emt 0:00:46]} 48. Kxa5 {[%emt 0:00:00]} Kd4 {[%emt 0:00:07]} 49. b4 {[%emt 0:01:00]} Kc3 {[%emt 0:00:37]} 50. Ne4+ {[%emt 0:00:00]} Kxc2 {[%emt 0:00:38]} 51. Ng3 {[%emt 0:00:00]} Kd3 {[%emt 0:00:18]} 52. b5 {[%emt 0:01:30]} Kc4 {[%emt 0:00:11]} 53. Ne4 {[%emt 0:00:30]} Kd4 {[%emt 0:01:18]} 54. Ng3 {[%emt 0:00:30]} Kd5 {[%emt 0:00:00]} 55. Ka6 {[%emt 0:00:00]} Kd6 {[%emt 0:00:59]} 56. Ka7 {[%emt 0:04:00]} Kc5 {[%emt 0:00:22]} 57. Ka6 {[%emt 0:00:30]} Kd5 {[%emt 0:00:38]} 58. Ka7 {[%emt 0:00:00]} Kd6 {[%emt 0:00:38]} 59. b6 {[%emt 0:01:00]} Nxb6 {[%emt 0:00:29]} 1/2-1/2

[Event "7th Cesme Open-A 2019"]
[Site "Cesme"]
[Date "2019.06.25"]
[Round "3"]
[White "Chighladze, Iveri"]
[Black "Iskandarov, Misratdin"]
[Result "1/2-1/2"]
[WhiteElo "2317"]
[BlackElo "2502"]
[Annotator "ChessBase"]
[PlyCount "107"]
[EventDate "2019.06.24"]
[EventType "swiss"]
[EventCountry "TUR"]
[SourceTitle "playchess.com"]
[Source "ChessBase"]
[SourceQuality "1"]
[TimeControl "5400+30"]

1. d4 {[%emt 0:00:30]} Nf6 {[%emt 0:00:30]} 2. c4 {[%emt 0:00:30]} e6 {[%emt 0:00:30]} 3. Nc3 {[%emt 0:00:30]} Bb4 {[%emt 0:00:30]} 4. Qc2 {[%emt 0:00:30]} O-O {[%emt 0:00:30]} 5. e4 {[%emt 0:03:30]} d5 {[%emt 0:01:30]} 6. e5 {[%emt 0:00:30]} Ne4 {[%emt 0:00:00]} 7. Bd3 {[%emt 0:00:00]} c5 {[%emt 0:04:00]} 8. cxd5 {[%emt 0:05:00]} exd5 {[%emt 0:00:30]} 9. Nge2 {[%emt 0:01:30]} Nc6 {[%emt 0:01:30]} 10. O-O {[%emt 0:02:30]} cxd4 {[%emt 0:16:30]} 11. Nxe4 {[%emt 0:10:30]} dxe4 {[%emt 0:00:30]} 12. Bxe4 {[%emt 0:00:30]} Nxe5 {[%emt 0:00:30]} 13. Rd1 {[%emt 0:12:30]} d3 {[%emt 0:01:30]} 14. Bxd3 {[%emt 0:01:30]} Nxd3 {[%emt 0:00:30]} 15. Rxd3 {[%emt 0:00:30]} Qe7 {[%emt 0:07:30]} 16. Rg3 {[%emt 0:12:30]} Kh8 {[%emt 0:08:30]} 17. a3 {[%emt 0:02:30]} Ba5 {[%emt 0:06:30]} 18. Be3 {[%emt 0:13:30]} Rd8 {[%emt 0:09:30]} 19. Bc5 {[%emt 0:15:34]} Qc7 {[%emt 0:08:30]} 20. b4 {[%emt 0:02:05]} Bb6 {[%emt 0:00:30]} 21. Qc3 {[%emt 0:00:30]} f6 {[%emt 0:00:30]} 22. Bxb6 {[%emt 0:01:12]} Qxc3 {[%emt 0:00:30]} 23. Rxc3 {[%emt 0:02:05]} axb6 {[%emt 0:01:30]} 24. Rac1 {[%emt 0:03:14]} Be6 {[%emt 0:00:30]} 25. h3 {[%emt 0:01:10]} b5 {[%emt 0:00:30]} 26. Rc7 {[%emt 0:01:23]} Bc4 {[%emt 0:01:30]} 27. Nc3 {[%emt 0:01:56]} Rxa3 {[%emt 0:05:30]} 28. Rxb7 {[%emt 0:00:04]} Rb3 {[%emt 0:00:30]} 29. Nxb5 {[%emt 0:00:41]} Rxb4 {[%emt 0:00:30]} 30. Nd6 {[%emt 0:00:30]} Rxb7 {[%emt 0:00:30]} 31. Nxb7 {[%emt 0:00:30]} Rd4 {[%emt 0:00:30]} 32. Na5 {[%emt 0:00:30]} Bg8 {[%emt 0:00:00]} 33. Rc8 {[%emt 0:00:20]} h5 {[%emt 0:00:00]} 34. Nc6 {[%emt 0:00:45]} Rd1+ {[%emt 0:01:30]} 35. Kh2 {[%emt 0:00:02]} Rd7 {[%emt 0:00:30]} 36. Kg3 {[%emt 0:01:57]} Kh7 {[%emt 0:03:30]} 37. Nb4 {[%emt 0:00:03]} Rd2 {[%emt 0:00:53]} 38. Rc2 {[%emt 0:00:27]} Rd4 {[%emt 0:01:26]} 39. Rb2 {[%emt 0:00:10]} g5 {[%emt 0:00:48]} 40. Kf3 {[%emt 0:00:08]} Bc4 {[%emt 0:00:30]} 41. Ke3 {[%emt 0:00:42]} Rd1 {[%emt 0:00:06]} 42. Rc2 {[%emt 0:00:42]} Bb5 {[%emt 0:02:49]} 43. f4 {[%emt 0:04:21]} Re1+ {[%emt 0:01:43]} 44. Kd4 {[%emt 0:00:01]} gxf4 {[%emt 0:00:31]} 45. Nd5 {[%emt 0:00:02]} f3 {[%emt 0:02:48]} 46. gxf3 {[%emt 0:00:26]} Rd1+ {[%emt 0:01:37]} 47. Kc5 {[%emt 0:00:02]} Bf1 {[%emt 0:02:39]} 48. Nxf6+ {[%emt 0:00:04]} Kg6 {[%emt 0:00:00]} 49. Nd5 {[%emt 0:01:15]} h4 {[%emt 0:01:11]} 50. Rb2 {[%emt 0:01:50]} Rc1+ {[%emt 0:03:16]} 51. Kd4 {[%emt 0:00:16]} Kf5 {[%emt 0:00:00]} 52. Ne3+ {[%emt 0:01:22]} Kf4 {[%emt 0:00:12]} 53. Nxf1 {[%emt 0:00:30]} Rxf1 {[%emt 0:00:30]} 54. Rg2 {[%emt 0:00:00]} 1/2-1/2

[Event "7th Cesme Open-A 2019"]
[Site "Cesme"]
[Date "2019.06.25"]
[Round "3"]
[White "Eminov, Orkhan"]
[Black "Baklan, Vladimir"]
[Result "0-1"]
[WhiteElo "2314"]
[BlackElo "2620"]
[Annotator "TA"]
[PlyCount "84"]
[EventDate "2019.06.24"]
[EventType "swiss"]
[EventCountry "TUR"]
[SourceTitle "playchess.com"]
[Source "ChessBase"]
[SourceQuality "1"]

{[%evp 9,84,22,23,6,15,0,-7,6,30,34,25,-10,-12,-54,-51,-47,-41,-54,-32,-62,-59,-63,-66,-53,-47,-55,-62,-77,-25,-25,-19,-18,-8,-38,-4,-4,0,0,0,0,0,0,0,0,0,-20,0,-70,0,-86,-10,-709,-701,-702,-702,-702,-702,-702,-696,-641,-595,-558,-537,-785,-781,-759,-741,-781,-741,-925,-885,-5614,-2661,-29991,-29992,-29992,-29993]} 1. e4 c5 2. Nf3 Nc6 3. Bb5 g6 4. O-O Bg7 5. Re1 e5 6. b4 {B31: Sicilian: 2...Nc6 3 Bb5 g6} (6. Bxc6 dxc6 7. a4 a5 8. Na3 Qc7 9. Nc4 Be6 10. d3 h6 11. b3 Ne7 12. Bb2 Bxc4 13. bxc4 O-O 14. Ra3 Rae8 {0-1 (118) Jones,G (2702)-Le,Q (2704) Hengshui 2019}) 6... cxb4 7. Bb2 Nge7 8. a3 {[#]The position is equal.} b3 $1 {[%mdl 512]} 9. cxb3 O-O 10. b4 d5 11. Bxc6 Nxc6 12. exd5 $146 ({Predecessor:} 12. b5 dxe4 13. bxc6 exf3 14. Qxf3 bxc6 15. Qxc6 Rb8 16. Qc1 Qg5 17. Nc3 Bh3 18. g3 Qf6 19. Nd5 Qf3 20. Ne3 Bh6 {0-1 (20) Helstroffer,A (2192)-Prie,E (2441) Montpellier 2004}) 12... Qxd5 13. Nc3 Qd8 14. b5 Nd4 15. Nxd4 exd4 16. Ne4 Be6 17. d3 Bd5 18. Qd2 b6 ({Black should try} 18... a6 $17) 19. Qf4 h6 20. Rac1 f5 21. Ng3 Rf7 (21... g5 $5 {[%cal Rg5f4]} 22. Qc7 Rf7 23. Qxd8+ Rxd8 $15) 22. Ne2 ({Wrong is} 22. Bxd4 $2 g5 $19) 22... g5 $36 {[%mdl 2048] Black has good play.} 23. Qd2 Bb7 24. Rc4 {[%cal Re2d4]} Qd5 {[%csl Gb7][%cal Rd5g2]} 25. f3 {[%cal Re2d4]} Qxb5 26. Nxd4 Qd5 {Hoping for ...b5.} 27. Qf2 g4 28. a4 (28. Ne6 $1 $11 Qxd3 29. Bxg7 Qxc4 {[#]} 30. Qh4 $1 {[%mdl 512]} Rxg7 31. Qf6 $1 {[%mdl 512]}) 28... Kh7 (28... gxf3 $15 29. Nxf3 Qxd3) 29. f4 (29. Ne6 $11 {keeps the balance.} Qxd3 30. Rc7 Rxc7 31. Nxc7) 29... Bf6 (29... Qd7 $17 {Threatening ...Re8.} 30. Nb5 Qxd3 31. Bxg7 Qxc4) 30. Ne6 $2 {[%mdl 8192] [#]} (30. Re3 $11) 30... Bh4 $1 $19 {[%cal Rh4f2][%mdl 576] Skewer} 31. Qe2 (31. Qxh4 Qxg2#) 31... Bxe1 32. Nc7 {[#]} Qxg2+ $1 33. Qxg2 Bxg2 34. Kxg2 Rc8 35. Be5 Bh4 36. Nb5 Rxc4 37. dxc4 {[%mdl 4096] Endgame KRB-KBN} Rd7 38. Nd6 Kg6 39. a5 Be7 40. Nc8 Bc5 41. a6 Rd1 {[%csl Gc5][%cal Rd1g1]} 42. h4 Rd2+ {Accuracy: White = 41%, Black = 59%.} 0-1